000
00441 a2200205 4500
250
_a
2ème éd.
245
_a
Eléments de biologie humaine, embryologie et histologie
100
_a
Czyba, J. C.
260
_c
1968
300
_a
249 p.
035
_a
3252
035
_a
3604
035
_a
3605
035
_a
3606
035
_a
3607
035
_a
3608
999
_c
16861
_d
16861